| 000 | 00721nam a2200193Ii 4500 | ||
|---|---|---|---|
| 003 | JO-AjNU | ||
| 008 | 230605s9999||||xx |||||||||||||| ||und|| | ||
| 040 |
_aJO-AjNU _bara _erda _cJO-AjNU |
||
| 041 | _aara | ||
| 050 | 1 | 4 | _aPJ7755.Q37.A17 1989 |
| 100 | 3 |
_aتحقيق الكعاك،عثمان, _eauthor _915735 |
|
| 245 | 0 | 0 | _aديوان حازم القرطاجي: حازم بن محمد بن حسن بن محمد بن خلف بن حازم الأنصاري (608-684) |
| 264 | 3 | 1 | _aبيروت:دار الثقافة،1989 |
| 300 | _a139ص | ||
| 336 |
_atext _btxt _2rdacontent |
||
| 337 |
_aunmediated _bn _2rdamedia |
||
| 338 |
_avolume _bnc _2rdacarrier |
||
| 650 | 4 |
_a الشعر العربي - تاريخ ونقد _915736 |
|
| 999 |
_aA4513 _c8081 _d8081 |
||